Tazkara-ul-Oulia (Record no. 7053)
[ view plain ]
| 000 -LEADER | |
|---|---|
| fixed length control field | 00328 a2200121 4500 |
| 082 ## - DEWEY DECIMAL CLASSIFICATION NUMBER | |
| Classification number | 297.4092 |
| 090 ## - LOCALLY ASSIGNED LC-TYPE CALL NUMBER (OCLC); LOCAL CALL NUMBER (RLIN) | |
| -- | 3138 |
| -- | 3138 |
| 100 ## - MAIN ENTRY--PERSONAL NAME | |
| Personal name | Farid-ud-Din Attar. |
| 245 ## - TITLE STATEMENT | |
| Title | Tazkara-ul-Oulia |
| Statement of responsibility, etc. | Farid-ud-Din Attar. |
| Medium | [Urdu] |
| 260 ## - PUBLICATION, DISTRIBUTION, ETC. | |
| Place of publication, distribution, etc. | Lahore : |
| Name of publisher, distributor, etc. | Zia-ul-Quran Publicatins, |
| Date of publication, distribution, etc. | 2005. |
| 300 ## - PHYSICAL DESCRIPTION | |
| Extent | 400 p. ; |
| Dimensions | 24 cm. |
| 942 ## - ADDED ENTRY ELEMENTS (KOHA) | |
| Koha item type | Book |
| Call number prefix | 297.4092 FAR |
| Withdrawn status | Lost status | Damaged status | Not for loan | Collection code | Permanent Location | Current Location | Shelving location | Date acquired | Source of acquisition | Cost, normal purchase price | Total Checkouts | Full call number | Barcode | Date last seen | Price effective from | Koha item type | Date last checked out | Total Renewals |
|---|---|---|---|---|---|---|---|---|---|---|---|---|---|---|---|---|---|---|
| Central Library (CL) | Central Library (CL) | General Stacks | 11/02/2000 | Al-Farooq, Lahore | 105.00 | 297.4092 FAR | SEECS000349 | 11/14/2012 | 01/05/2017 | Book | ||||||||
| Central Library (CL) | Central Library (CL) | General Stacks | 12/20/2006 | Academic Book Company | 108.00 | 3 | 297.4092 FAR | SEECS007904 | 09/11/2019 | 01/05/2017 | Book | 09/04/2019 | ||||||
| Central Library (CL) | Central Library (CL) | General Stacks | 12/20/2006 | Academic Book Company | 108.00 | 4 | 297.4092 FAR | SEECS007905 | 10/23/2023 | 01/05/2017 | Book | 08/25/2022 | 1 |
